000 01534nam a22002417a 4500
999 _c63096
_d63096
003 Ge_BSU
005 20250602132448.0
008 250602s2024 ge ||||| |||| 00| 0 geo d
020 _a9789941313264
041 _ageo
080 _a51(075.3) მ-15
245 _aმათემატიკა: IX კლასი:
_bმოსწავლის წიგნი I ნაწილი /
_cავტორები : გურამ გოგიშვილი, თ. ვეფხვაძე, ია მებონია, ლ. ქურჩიშვილი, თ. ვეფხვაძე; რედ. თ. ვეფხვაძე.
250 _aპირველი გამოცემა
264 _aთბილისი:
_bინტელექტი,
_c 2021.
300 _a 278 გვ.:
_bილ.;
_c28 სმ.
500 _aგრიფმინიჭებულია საქართველოს განათლებისა და მეცნიერების სამინისტროს მიერ 2021 წელს.
700 _aგოგიშვილი, გურამ
_eავტორი
_95601
700 _aვეფხვაძე, თეიმურაზ
_eავტორი
_95602
700 _aმებონია, ია
_eავტორი
_95603
700 _aქურჩიშვილი, ლამარა
_eავტორი
_925207
700 _aვეფხვაძე, თეიმურაზ
_eრედაქტორი
_95602
942 _2udc
_cᲬᲘᲒᲜᲘ